| 000 | 01789cam a22004694i 4500 | ||
|---|---|---|---|
| 003 | PE-LiUPU | ||
| 005 | 20260203121842.0 | ||
| 008 | 150617s r 000 0 d | ||
| 035 | _a(Sirsi) a12771 | ||
| 040 |
_aPE-LiUPU _bspa _cPE-LiUPU _erda |
||
| 049 | _aPRUA | ||
| 082 | 0 | 4 |
_a234 _bM693h _223 |
| 100 | 1 |
_aMoeller, Charles, _eautor. |
|
| 245 | 1 | 3 |
_aEl hombre moderno ante la salvación / _cCharles Moeller. |
| 264 | 1 |
_aBarcelona : _bEditorial Herder, _c1969. |
|
| 300 |
_a224 páginas ; _c20 centímetros. |
||
| 336 |
_atext _2rdacontent |
||
| 337 |
_aunmediated _2rdamedia |
||
| 338 |
_avolume _2rdacarrier |
||
| 505 | 0 | _aPuntos de arranque y obstáculos: Literatura de la salvación, literatura de la felicidad -- Pluralismo y cristiandad -- La salvación como dato objetivo -- La salvación como dato subjetivo. Aproximaciones positivas: Un escritor puente; Saint-John Perse -- Salvación personal -- Salvación del universo. | |
| 526 | _aSEG42 | ||
| 526 | _aSEG41 | ||
| 526 | _aSEG40 | ||
| 526 | _aSEG39 | ||
| 526 | _aP94 | ||
| 526 | _aP87 | ||
| 526 | _aP86 | ||
| 526 | _aP85 | ||
| 526 | _aP77 | ||
| 526 | _aP76 | ||
| 526 | _aP35 | ||
| 650 | 1 | 0 |
_aSalvación _9870 |
| 650 | 2 | 7 |
_aCristianismo _2embne _9211 _xEn la literatura |
| 650 | 2 | 7 |
_aLiteratura _ySiglo XX _xHistoria y crítica. _93 |
| 910 | _ajck | ||
| 942 |
_2ddc _cBK _n0 |
||
| 949 |
_a234 M693h _wDEWEY _c1 _i31165 _lCCODEBUL1 _mBUL _p00.00 _r0 _sY _tBOOK _u19891120 _xTEOLOGIA _0COMPRA _o.STAFF. Colección general |
||
| 949 |
_a234 M69 _wDEWEY _c2 _i30842 _lCCODEBUL1 _mBUL _p00.00 _r0 _sY _tBOOK _u19891120 _xTEOLOGIA _0COMPRA _o.STAFF. Colección general |
||
| 980 |
_818226 _gJaime Vilcazán Jefe de Análisis Documental |
||
| 999 |
_c3066 _d3066 |
||